书目信息 |
| 题名: |
石膏干混建材生产及应用技术
|
|
| 作者: | 赵云龙 , 徐洛屹 编著 | |
| 分册: | ||
| 出版信息: | 北京 中国建材工业出版社 2016.11 |
|
| 页数: | 279页 | |
| 开本: | 26cm | |
| 丛书名: | ||
| 单 册: | ||
| 中图分类: | TU521.2 | |
| 科图分类: | ||
| 主题词: | 石膏--干混料--建筑材料--生产工艺 | |
| 电子资源: | ||
| ISBN: | 978-7-5160-1652-7 | |
| 000 | 00968nam0 2200253 450 | |
| 001 | 0400003253 | |
| 005 | 20171021213712.0 | |
| 010 | @a978-7-5160-1652-7@dCNY88.00 | |
| 100 | @a20170328e2016 em y0chiy50 ea | |
| 101 | 0 | @achi |
| 102 | @aCN@b110000 | |
| 105 | @aa z 000yy | |
| 106 | @ar | |
| 200 | 1 | @a石膏干混建材生产及应用技术@9shi gao gan hun jian cai sheng chan ji ying yong ji shu@f赵云龙,徐洛屹编著 |
| 210 | @a北京@c中国建材工业出版社@d2016.11 | |
| 215 | @a279页@c图@d26cm | |
| 330 | @a本书重点阐述石膏干混建材的生产,包括对石膏干混建材原料和骨料的要求,添加剂、掺合料在产品中的应用,产品参考配方,以及生产过程中的注意事项等。 | |
| 510 | 1 | @aProduction and application technology of gypsum dry mixed building materials@zeng |
| 606 | 0 | @a石膏@x干混料@x建筑材料@x生产工艺 |
| 690 | @aTU521.2@v5 | |
| 701 | 0 | @a赵云龙@9zhao yun long@4编著 |
| 701 | 0 | @a徐洛屹@9xu luo yi@4编著 |
| 801 | 0 | @aCN@b91MARC@c20171021 |
| 905 | @b1022530-4@dTU521.2@f5@e1027 | |
| 石膏干混建材生产及应用技术/赵云龙,徐洛屹编著.-北京:中国建材工业出版社,2016.11 |
| 279页:图;26cm |
| ISBN 978-7-5160-1652-7:CNY88.00 |
| 本书重点阐述石膏干混建材的生产,包括对石膏干混建材原料和骨料的要求,添加剂、掺合料在产品中的应用,产品参考配方,以及生产过程中的注意事项等。 |
| ● |
| 相关链接 |
|
|
|
|
正题名:石膏干混建材生产及应用技术
索取号:TU521.2/1027
 
预约/预借
| 序号 | 登录号 | 条形码 | 馆藏地/架位号 | 状态 | 备注 |
| 1 | 1022530 | 210225308 | 第二样本阅览室/ [索取号:TU521.2/1027] | 在馆 | |
| 2 | 1022531 | 210225317 | 第三借阅区/ [索取号:TU521.2/1027] | 在馆 | |
| 3 | 1022532 | 210225326 | 第三借阅区/ [索取号:TU521.2/1027] | 在馆 | |
| 4 | 1022533 | 210225335 | 密集书库-生命科学系/ [索取号:TU521.2/1027] | 在馆 | |
| 5 | 1022534 | 210225344 | 第三借阅区/ [索取号:TU521.2/1027] | 在馆 |